| 000 | 00565nam a2200169 4500 | ||
|---|---|---|---|
| 005 | 20251007092917.0 | ||
| 008 | 251007b |||||||| |||| 00| 0 eng d | ||
| 020 | _a9786214272808 | ||
| 082 | _aDFil 330 G165 2025 | ||
| 100 |
_aGarcia, Lorma S.P. _968572 |
||
| 245 |
_aPrinciples of economics / _cLorma S.P. Garcia. |
||
| 260 |
_aQuezon City : _bUnlimited Books Library Services & Publishing Inc., _c©2025. |
||
| 300 |
_axiv, 249 pages : _billustrations ; _c25 cm |
||
| 500 | _aIncludes glossary and references. | ||
| 650 | 0 |
_aEconomics. _968573 |
|
| 942 |
_2ddc _cDFIL |
||
| 999 |
_c23997 _d23997 |
||